000 00948nam a22002417a 4500
999 _c6585
_d6585
003 AR-CdUCM
008 190318b ||||| |||| 00| 0 spa d
020 _a84-7178-241-3
040 _aMUNICIPALIDAD PROVINCIAL DEL CUSCO
_cBIBLIOTECA MUNICIPAL DEL CUSCO
082 _a030 /
_bAR71 / 1986
245 _aEnciclopedia Larousse Juvenil /
260 _aEspaña :
_bArgos Vergara ;
_c1974.
300 _a192 páginas ;
_bFotografías, mapas, ilustraciones
_c26cm
505 _aContenido: t.1: abejas/bárbaros -- t.2: Barcelona/Cruz roja -- t.3: Cuba/flor -- t.4: Florencia/infancia -- t.5: información/medidas -- t.6: Mediterráneo/percusión -- t.7: peregrinaciones/socialismo -- t.8: sociología/Zurbarán
650 _aArte
_9561
650 _aFilosofía
_9395
650 _aLiteratura
_9416
650 _aCiencias
_98174
650 _aHistoria
_9246
710 _aEditorial Argos Vergara
_918543
942 _2ddc
_cLIBROS
945 _anom